000 00505 a2200181 4500
003 OSt
005 20260305123511.0
008 231208b |||||||| |||| 00| 0 eng d
020 _a9789356432545
040 _coclc
082 _a954.83
_bPAU/M
100 1 _aBēbi Pōḷ, Vinil
_99798
245 _aMRUGAYA KERALATHINTE NAYATTUCHARITHRAM /
_cVinil Paul
250 _a2nd ed.
260 _bD C Books,
_c2022.
300 _a223p
942 _2ddc
_cBK
_h954.83
_iPAU/M
_k954.83
_mPAU/M
999 _c44188
_d44188